Quiz o Górniku Konin - Statystyki

Ogólne statystyki
  • Ten quiz został rozwiązany 42 razy
  • Średni wynik to 4 z 7
Statystyki odpowiedzi
Zagadnienie Odpowiedź % Poprawnych
Z kim Górnik mierzył się w finale PP w sezonie 1997/1998 Amica Wronki
90%
W którym roku powstał Górnik Konin? 1957
70%
W którym sezonie Górnik Konin wystąpił w finale Pucharu Polski? 1997/1998
60%
Jaki przydomek ma Górnik Konin? Łańcuchy
60%
W jakiej lidze występuje Górnik Konin? (2022/2023) 5. Liga
50%
Z jakimi klubami Górnik grał w Pucharze Polski 1997/1998 Chemik Bydgoszcz, Flota Świnoujście, Wisła Kraków, Odra Wodzisław Śląski, GKS Katowice, Polonia Warszawa, Amica Wronki
40%
Który z tych zawodników nie grał! w Górniku Konin Paweł Kryszałowicz
0%
Nie znaleziono quizów pasujących do podanych kryteriów
Rozkład punktacji
Procent ludzi z każdym wynikiem
Percentyl według liczby udzielonych odpowiedzi
Twoja historia wyników
Nie rozwiązałeś tego quizu